000 01323nam0a22003251 4500
001 rc\3658950
005 20130115150359.3
021 _aRU
_b71-75235
021 _aRU
_bРг16881-72
035 _a(NLR Aleph) 007738706
090 _a7134890
_c7134890
100 _a20130115d1971 |||y0rusy50 ca
101 0 _aeng
_arus
102 _aRU
105 _aac z |||||
200 1 _aО Владимире Ильиче Ленине
_e[Книга для чтения на англ. яз. для учащихся ст. классов сред. школы
_fПер., коммент. и словарь М.Е. Бирман
210 _aМосква
_cПросвещение
_d1971
215 _a127 с.
_cил., портр.
_d20
300 _aЗагл. также на англ. яз.: Reminiscences of V.I. Lenin
300 _aПеред загл. авт.: N.K. Krupskaya
300 _aНа обл. загл. только на англ. яз.
517 0 _aReminiscences of V.I. Lenin
700 1 _aКрупская
_bН. К.
_f1869-1939
_gНадежда Константиновна
702 1 _aБирман
_bМ. Е.
_4730
_4212
702 1 _aЛенин
_bВ. И.
_f1870-1924
_gВладимир Ильич
_4570
801 0 _aRU
_bNLR
_gpsbo
801 1 _aRU
_bELAR
_2rusmarc
852 _aNLR
_j72-3/9944
942 _cBOOK
980 _aNB